| 000 | 00498nam a22001697a 4500 | ||
|---|---|---|---|
| 005 | 20231108145758.0 | ||
| 008 | 231108b |||||||| |||| 00| 0 eng d | ||
| 020 | _a0702137170 | ||
| 041 | _aEnglish | ||
| 082 | _a346.2 LOU | ||
| 100 |
_aLoubser, MM _lEnglish |
||
| 245 |
_aExtinctive Prescription / _cMM Loubser |
||
| 260 |
_aCape Town : _bJuta and Company Ltd, _c1996 |
||
| 300 |
_bxxix, 239 pages ; _c26,5 cm. |
||
| 650 |
_aLegal practice _bLaw |
||
| 942 |
_cBK _6ALISON_BN_VRIES |
||
| 999 |
_c447 _d447 |
||